| 000 | 00813nam a2200241 i 4500 | ||
|---|---|---|---|
| 001 | 8955 | ||
| 003 | KOSZ 005 | ||
| 005 | 20191012105747.0 | ||
| 008 | 070620s1970 pl g 000 0 pol | ||
| 015 | _aPB 1970/1560 | ||
| 040 |
_aWA N _cWA N _dKOSZ 005/RW |
||
| 080 | _a301 | ||
| 100 | 1 |
_aWoskowski, Jan _d(1921-2015). _eAutor |
|
| 245 | 1 | 0 |
_aSocjologia : _bwybrane zagadnienia / _cJan Woskowski. |
| 260 |
_aWarszawa : _bPaństwowe Zakłady Wydawnictw Szkolnych, _c1970. |
||
| 300 |
_a182, [2] s. ; _c25 cm. |
||
| 380 | _aKsiążki. | ||
| 504 | _aBibliogr. przy rozdz. | ||
| 650 | 4 | _aSocjologia | |
| 710 | 2 |
_aPaństwowe Zakłady Wydawnictw Szkolnych _4pbl. |
|
| 856 |
_uhttp://koha.tu.koszalin.pl/cgi-bin/koha/opac-detail.pl?biblionumber=8955 _yKatalog online BPK |
||
| 942 |
_2UKD _cKS |
||
| 999 |
_c8955 _d8955 |
||